| 000 | 00691nam a2200205 i 4500 | ||
|---|---|---|---|
| 001 | 63886 | ||
| 003 | ES-MaACL | ||
| 007 | t| | ||
| 008 | 031217s1974 mx ||||1| spa d | ||
| 020 | _a84-375-0006-0 | ||
| 245 | 0 | 0 |
_aFilosofía política / _crecopilación por Anthony Quinton ; [traducción de E.L. Suárez]. |
| 260 |
_aMéxico : _bFondo de Cultura Económica, _c1974. |
||
| 300 |
_a306 p. ; _c17 cm. |
||
| 490 | 1 |
_aBreviarios del Fondo de Cultura Económica ; _v239 |
|
| 700 | 1 |
_aQuinton, Anthony. _994741 |
|
| 700 | 1 |
_aSuárez, E. L. _9108551 |
|
| 830 | 0 |
_aBreviarios del Fondo de Cultura Económica ; _v239 _9179682 |
|
| 852 |
_aES-MaACL _jL-8379 _bR.109015 |
||
| 999 |
_c63886 _d63886 |
||